00524nam a2200157Ia 4500008004100000082002300041100001600064245006700080250000600147260003900153300000800192600001600200630006700216700001600283730006700299151018s9999 xx 000 0 und d bRBASDV60006a305.8 ap t gyamtso athe history religon culture and thaditins of bhutia communties b1 bkastari bhattacharya kolkatac2011 a128 ap t gyamtso athe history religon culture and thaditins of bhutia communties ap t gyamtso athe history religon culture and thaditins of bhutia communties